قواعد نظام الحكم في الإسلام / (رقم التسجيلة. 2945)

تفاصيل مارك
000 -الفاتح
عناصر البيانات ثابتة الطول 00599cam a2200169 i 4500
005 - تاريخ ووقت آخر معاملة
حقل ضبط 20251215110858.0
008 - عناصر البيانات ثابتة الطول
عناصر البيانات ثابتة الطول 250721s1983 jo gr 000 0 ara d
082 14 - رقم تصنيف ديوي العشري
رقم التصنيف 216,9
رقم المادة م ح م
100 1# - مدخل رئيسي – اسم شخصي
الاسم الشخصي الخالدي، محمود
علاقة الشخص بالعمل/ دوره مؤلف.
245 10 - بيان العنوان
العنوان قواعد نظام الحكم في الإسلام /
بيان المسؤولية حسام الدين وصلاح الدين ونور الدين .
250 ## - بيان الطبعة
بيان الطبعة الطبعة الثانية.
264 31 - بيانات النشر، التوزيع…إلخ
مكان النشر، التوزيع...إلخ عمان :
اسم الناشر، الموزع...إلخ مكتبة المحتسب،
تاريخ النشر، التوزيع...إلخ 1983.
300 ## - الوصف المادي
عدد الوحدات المكونة للوعاء 347صفحة.
650 17 - مدخل إضافي بالموضوع - مصطلح موضوعي
مصطلح موضوعي أو اسم جغرافي كعنصر مدخل الأحكام السلطانية.
942 ## - بيانات إضافية (كوها)
نوع التنصيف Dewey Decimal Classification
نوع المادة (كوها) كتب
المقتنيات
حالة السحب حالة الفقدان مصدر التصنيف حالة التلف غير قابل للإعارة المكتبة الرئيسية المكتبة الحالية موقع الرف تاريخ التزويد الرقم المتسلسل Total Checkouts رقم الإستدعاء تاريخ آخر ظهور تاريخ الفاتورة نوع المادة (كوها) الباركود
    Dewey Decimal Classification Unchecked   المكتبة المركزية المكتبة المركزية الإعارة 06/07/2004 106344   216,9/محم 28/07/2025 06/07/2004 كتب  
    Dewey Decimal Classification     المكتبة المركزية المكتبة المركزية الإعارة 06/07/2004 106343   216,9 / م ح م 28/07/2025 06/07/2004 كتب 106343
    Dewey Decimal Classification Unchecked   مكتبة الحسن العامة مكتبة الحسن العامة الإعارة 06/07/2004 1302   216,9/محم 28/07/2025 06/07/2004 كتب  
    Dewey Decimal Classification Unchecked   مكتبة صويلح العامة مكتبة صويلح العامة الإعارة 06/07/2004 1936   216,9/محم 28/07/2025 06/07/2004 كتب  
Implemented & Customized by: BBB with SCIT (Smart Chains for Information Technology)

Powered by Koha